Breves ensayos sobre universidades

Saved in:
Bibliographic Details
Format: Book
Language:Spanish
Published: Santiago Universidad de Chile 1953
Subjects:
Tags: Add Tag
No Tags, Be the first to tag this record!

MARC

LEADER 00000nam a2200000 a 4500
001 UCW4347
003 CL-VaPUC
008 900118e19530000CL |||||||||||||||||spa|d
082 0 4 |a 378.008  |b BRE  |2 21 
245 1 0 |a Breves ensayos sobre universidades 
300 |a 233 p 
942 |c BK 
945 |d 19900118 00:00:00 
260 |a Santiago  |b Universidad de Chile  |c 1953 
650 0 |a Educación superior   |9 223851 
650 0 |a Universidades  |9 256317 
651 7 |a CHILE  |2 CL-VaPUC  |9 309066 
583 |a last modification  |c 19900118 00:00:00  |k Rodrigo Vera 
999 |c 218113  |d 218111 
952 |0 0  |1 0  |4 0  |6 378_008000000000000_BRE_1953  |7 0  |8 P  |9 207064  |a BIBEDU  |b BIBEDU  |c BIBEDU_PB  |d 2019-11-15  |i 2748371  |o 378.008 BRE 1953  |p 2748371  |r 2024-01-25  |w 2019-11-15  |y BK  |k EDU 
952 |0 0  |1 0  |4 0  |6 378_008000000000000_BRE_1953  |7 0  |8 P  |9 207065  |a BIBEDU  |b BIBEDU  |c BIBEDU_PB  |d 2019-11-15  |i 1585932  |o 378.008 BRE 1953  |p 1585932  |r 2024-01-25  |w 2019-11-15  |y BK  |k FIL 
952 |0 0  |1 0  |4 0  |6 378_008000000000000_BRE_1953  |7 0  |8 P  |9 207067  |a BIBDER  |b BIBDER  |d 2019-11-15  |i 1862073  |o 378.008 BRE 1953  |p 1862073  |r 2023-01-25  |w 2019-11-15  |y BK  |k DER